| 000 | 00442 a2200133 4500 | ||
|---|---|---|---|
| 001 | ART_26507 | ||
| 005 | 20260410161940.0 | ||
| 008 | 260409a | ||
| 245 | 1 | 0 | _aLos planes de estabilización en el Mercosur |
| 100 | 1 | _aLopez Murphy, Ricardo H. | |
| 700 | 1 | _aSantAna, José Antonio | |
| 700 | 1 | _aHeymann, Daniel | |
| 773 | 0 |
_tCiclos en la historia, la economía y la sociedad _g- Vol. V, Nº 8 (ene./jun. 1995) _wREV26321 |
|
| 999 |
_c29410 _d29410 |
||